Energetická alternatíva

Malé vodné elektrárne hľadajú svoje miesto v oblasti podnikania v slovenskej energetike. Výstavba malých vodných elektrární a dotačná politika. Oficiálne programy podpory výstavby alternatívnych energetických zdrojov.

Gespeichert in:
Bibliographische Detailangaben
1. Verfasser: Kasášová, Mária
Format: Buchkapitel
Sprache:Slowakisch
Schlagworte:
Tags: Tag hinzufügen
Keine Tags, Fügen Sie das erste Tag hinzu!

MARC

LEADER 00000naa a2200000 4500
001 r037577
005 20230920071106.1
041 0 |a slo 
044 |a SK 
245 1 0 |a Energetická alternatíva  |c Mária Kasášová 
520 |a Malé vodné elektrárne hľadajú svoje miesto v oblasti podnikania v slovenskej energetike. Výstavba malých vodných elektrární a dotačná politika. Oficiálne programy podpory výstavby alternatívnych energetických zdrojov. 
610 2 0 |a zdroje energetické 
610 2 0 |a zdroje prírodné 
610 2 0 |a zdroje vodné 
610 2 0 |a elektrárne vodné malé 
610 2 0 |a podnikanie 
610 2 0 |a podpora podnikania 
610 2 0 |a ekológia 
610 2 0 |a Slovensko 
100 1 |a Kasášová, Mária